Manažment

Gespeichert in:
Bibliographische Detailangaben
1. Verfasser: Sedlák, Mikuláš
Format: Buch
Sprache:Slowakisch
Veröffentlicht: Bratislava Iura Edition 2007
Ausgabe:3. preprac. a dopln. vyd.
Schriftenreihe:Ekonómia
Schlagworte:
Tags: Tag hinzufügen
Keine Tags, Fügen Sie das erste Tag hinzu!

MARC

LEADER 00000nam$a2200000$$$4500
001 0054871
005 20240314093054.6
020 |a 978-80-8078-133-0 
041 0 |a slo 
044 |a SK 
245 1 0 |a Manažment  |c Mikuláš Sedlák 
250 |a 3. preprac. a dopln. vyd. 
264 1 |a Bratislava  |b Iura Edition  |c 2007 
300 |a 360 s. 
490 1 |a Ekonómia 
830 0 |a Ekonómia 
610 2 0 |a manažment 
610 2 0 |a riadenie 
610 2 0 |a procesy rozhodovacie 
610 2 0 |a proces informačný 
610 2 0 |a plánovanie 
610 2 0 |a kontrola 
610 2 0 |a štruktúra organizačná 
610 2 0 |a komunikácia manažérska 
610 2 0 |a motivácia pracovná 
610 2 0 |a riadenie ľudských zdrojov 
100 1 |a Sedlák, Mikuláš